Statistiken für Fußball WM 2026 Quiz #1

Klicken Sie hier um das Quiz zu spielen!

Allgemein

  • Dieses Quiz wurde 94 mal gespielt
    (13 seit der letzten Aktualisierung)
  • Das Durchschnittsergebnis liegt bei 6 aus 15

Antwortstatistiken

FrageAntwort% Korrekt
Gastgeberland #1Kanada
100%
Gastgeberland #2Mexiko
100%
Gastgeberland #3USA
100%
Zahl der Gruppen12
92%
Zahl der Teilnehmer48
92%
amtierender WeltmeisterArgentinien
85%
Dauer des Turniers (in Tagen)40
31%
Spielort Kanada #1Toronto
15%
Zahl der Spiele104
8%
Finale inEast Rutherford/ New York City
0%
Spielort Mexiko #1Guadalupe/ Monterrey
0%
Eröffnungsspiel inMexiko-Stadt
0%
Spielort Mexiko #2Mexiko-Stadt
0%
Spielort Kanada #2Vancouver
0%
Spielort Mexiko #3Zapopan/ Guadalajara
0%

Verteilung der Resultate

Perzentil nach korrekt beantworteten Fragen

Anzahl Personen mit jedem Resultat

Ihre Resultats-Entwicklung

Sie haben dieses Quiz seit der letzten Aktualisierung nicht gespielt